[Event "Bassano del Grappa op 10"]
[Site "Bassano del Grappa"]
[Date "2020.10.25"]
[Round "4"]
[White "Zanini, Giuseppe"]
[Black "Sala, Sergio"]
[Result "1-0"]
[WhiteElo "1983"]
[BlackElo "1854"]
[PlyCount "77"]
[EventDate "2020.10.23"]
[EventType "swiss"]
[EventRounds "5"]
[EventCountry "ITA"]
[SourceTitle "EXT 2022"]
[Source "ChessBase"]
[SourceDate "2021.10.06"]
[SourceVersion "1"]
[SourceVersionDate "2021.10.06"]
[SourceQuality "1"]

1. Nf3 d5 2. c4 c6 3. g3 Nf6 4. Bg2 Bg4 5. Qb3 Qb6 6. Qc2 e6 7. 0-0 Be7 8. b3 0-0 9. Bb2 Nbd7 10. d3 a5 11. Nc3 Qa7 12. h3 Bh5 13. g4 Bg6 14. Nh4 Ne8 15. Nxg6 fxg6 16. e3 Nc7 17. d4 g5 18. e4 e5 19. cxd5 exd4 20. Ne2 c5 21. Nxd4 Nxd5 22. Nf5 Rxf5 23. gxf5 Nf4 24. e5 Qa6 25. Rfd1 Nxg2 26. Kxg2 Qc6+ 27. f3 Nb6 28. Qe4 Qb5 29. f6 gxf6 30. exf6 Bf8 31. f7+ Kxf7 32. Qf5+ Ke8 33. Re1+ Be7 34. Rxe7+ Kxe7 35. Bf6+ Kf8 36. Bxg5+ Kg7 37. Qf6+ Kg8 38. Qe6+ Kg7 39. Bh6+ 1-0

[Event "Santa Maria di Sala op 26th"]
[Site "Santa Maria di Sala"]
[Date "2018.12.09"]
[Round "5"]
[White "Zanini, Giuseppe"]
[Black "Cappelletto, Joshuaede"]
[Result "1-0"]
[WhiteElo "2002"]
[BlackElo "2036"]
[PlyCount "93"]
[EventDate "2018.12.07"]
[EventType "swiss"]
[EventRounds "5"]
[EventCountry "ITA"]
[SourceTitle "EXT 2022"]
[Source "ChessBase"]
[SourceDate "2021.10.06"]
[SourceVersion "1"]
[SourceVersionDate "2021.10.06"]
[SourceQuality "1"]

1. d4 Nf6 2. c4 c5 3. d5 e6 4. Nc3 exd5 5. cxd5 d6 6. Nf3 g6 7. Bf4 Nh5 8. Bg5 Be7 9. Bd2 0-0 10. e4 a6 11. a4 Re8 12. h3 Nf6 13. Bd3 Nbd7 14. 0-0 Bf8 15. Bf4 Qb6 16. Ra3 Bg7 17. Nd2 Ne5 18. Bxe5 dxe5 19. Nc4 Qd8 20. a5 Nh5 21. Re1 Bh6 22. Bf1 Qf6 23. Na4 Bf8 24. Nab6 Rb8 25. Rb3 Ng7 26. Be2 h5 27. Qd2 Bd6 28. Bd1 Rd8 29. Qh6 Bf8 30. Qe3 Bd6 31. Nxc8 Rdxc8 32. Rb6 Ne8 33. Rf1 Qe7 34. Qb3 Rd8 35. Re1 Nc7 36. Rxb7 Rxb7 37. Qxb7 Nb5 38. Qxa6 Nd4 39. Re3 Bc7 40. Rg3 Qh4 41. Kh2 Qxe4 42. Bxh5 Kh7 43. Qf6 Rd7 44. Bxg6+ fxg6 45. Rg4 Qxg4 46. hxg4 Ne2 47. d6 1-0

[Event "Palmanova op 6th"]
[Site "Palmanova"]
[Date "2017.12.08"]
[Round "2"]
[White "Loiacono, Antonio"]
[Black "Zanini, Giuseppe"]
[Result "1-0"]
[WhiteElo "2211"]
[BlackElo "1996"]
[PlyCount "85"]
[EventDate "2017.12.07"]
[EventType "swiss"]
[EventRounds "6"]
[EventCountry "ITA"]
[SourceTitle "CBM 182 Extra"]
[Source "ChessBase"]
[SourceDate "2018.02.23"]
[SourceVersion "1"]
[SourceVersionDate "2018.02.23"]
[SourceQuality "1"]

1. e4 c5 2. Nf3 Nc6 3. d4 cxd4 4. Nxd4 Qc7 5. Nc3 e6 6. g3 a6 7. a4 d6 8. Bg2 Bd7 9. 0-0 Be7 10. Nxc6 Bxc6 11. Qg4 h5 12. Qe2 h4 13. Bd2 hxg3 14. hxg3 Nf6 15. b4 b6 16. Qc4 Bd8 17. Rfe1 Bb7 18. Qd3 Rc8 19. Ra2 Ng4 20. Nd1 Ne5 21. Qe2 g5 22. Ne3 Bf6 23. Rc1 Qe7 24. c4 Nc6 25. Qd3 Ne5 26. Qe2 Nc6 27. Ng4 Bg7 28. Qd3 Rg8 29. Bc3 Bxc3 30. Qxc3 e5 31. Rd2 Nd4 32. Rxd4 exd4 33. Qxd4 Rg6 34. Rd1 a5 35. bxa5 bxa5 36. Ne3 Qe5 37. Qd3 Ba6 38. Bh3 Rb8 39. Bf5 Rg8 40. Ng4 Qe7 41. Qc3 Rb4 42. e5 Kf8 43. exd6 1-0

[Event "Bergamo op 16th"]
[Site "Bergamo"]
[Date "2017.07.14"]
[Round "2"]
[White "Haimovich, Tal"]
[Black "Zanini, Giuseppe"]
[Result "1-0"]
[WhiteElo "2380"]
[BlackElo "1994"]
[PlyCount "45"]
[EventDate "2017.07.14"]
[EventType "swiss"]
[EventRounds "9"]
[EventCountry "ITA"]
[SourceTitle "EXT 2018"]
[Source "ChessBase"]
[SourceDate "2017.10.13"]
[SourceVersion "1"]
[SourceVersionDate "2017.10.13"]
[SourceQuality "1"]

1. e4 c5 2. Nf3 Nc6 3. Nc3 e6 4. Bb5 Nge7 5. 0-0 a6 6. Bxc6 Nxc6 7. d4 cxd4 8. Nxd4 Qc7 9. Nxc6 bxc6 10. Re1 Be7 11. e5 d5 12. exd6 Bxd6 13. Qh5 0-0 14. Ne4 f6 15. Be3 e5 16. Nxd6 Qxd6 17. Rad1 Qe6 18. Bc5 Qe8 19. Qf3 Rf7 20. Rd6 Rb8 21. Qxc6 Bd7 22. Qd5 Rxb2 23. Rxd7 1-0

[Event "Lega Veneta Magistrale 10th"]
[Site "Padova"]
[Date "1986.12.13"]
[Round "1"]
[White "Guerra, Alessandro"]
[Black "Zanini, Giuseppe"]
[Result "0-1"]
[WhiteElo "1900"]
[BlackElo "1900"]
[PlyCount "66"]
[EventDate "1986.12.13"]
[EventType "tourn"]
[EventRounds "8"]
[EventCountry "ITA"]
[SourceTitle "EXT 2022"]
[Source "ChessBase"]
[SourceDate "2021.10.06"]
[SourceVersion "1"]
[SourceVersionDate "2021.10.06"]
[SourceQuality "1"]

1. e4 e6 2. d4 d5 3. Nc3 Nf6 4. Bg5 Bb4 5. e5 h6 6. Bd2 Bxc3 7. Bxc3 Ne4 8. Bb4 c5 9. dxc5 Nxf2 10. Kxf2 Qh4+ 11. g3 Qxb4 12. Nf3 Nc6 13. Kg2 Qxc5 14. Bd3 b6 15. Qe2 Bb7 16. Rhf1 0-0 17. c3 Rad8 18. Rad1 d4 19. Qe4 g6 20. c4 Rd7 21. Kh3 Nb4 22. Qf4 Nxd3 23. Rxd3 Bxf3 24. Rdxf3 d3 25. Qxh6 Qxe5 26. Rf6 Qh5+ 27. Qxh5 gxh5 28. Kh4 Rd4+ 29. R6f4 Rfd8 30. Kxh5 e5 31. Rf5 d2 32. Rd1 e4 33. Re5 Rxc4 0-1